000
00251nam a22001097a 4500
041
_a
ENG
245
_a
Monograph On Internal Assessment For Universities
260
_a
Delhi
_b
Association Of Indian
_c
1977
300
_a
197
650
_a
48
856
_u
48
999
_c
3143
_d
3143